| 000 | 00486pab a2200181 454500 | ||
|---|---|---|---|
| 008 | 180718b1974 xxu||||| |||| 00| 0 eng d | ||
| 100 | _aBalachandran, M.K. | ||
| 245 | _aDisciplinary proceedings against municipal employees - Legal aspects | ||
| 260 | _c1974 | ||
| 300 | _ap.30-40. | ||
| 362 | _aOct-Dec | ||
| 650 | _aMunicipal officials and employees- Discipline | ||
| 650 | _aEmployees | ||
| 650 | _aLocal government | ||
| 773 | _aNagarlok | ||
| 908 | _aN | ||
| 909 | _a102577 | ||
| 999 |
_c102575 _d102575 |
||